Burguesía y estilo burgués

Furkejuvvon:
Bibliográfalaš dieđut
Váldodahkki: López-Amo, Ángel (autor)
Materiálatiipa: Girji
Giella:espánnjágiella
Almmustuhtton: Pamplona Gomez 1956
Ráidu:Publicaciones del estudio General de Navarra, 8
Fáttát:
Fáddágilkorat: Lasit fáddágilkoriid
Eai fáddágilkorat, Lasit vuosttaš fáddágilkora!

MARC

LEADER 00000nam a2200000 a 4500
001 UCP9677
003 CL-VaPUC
008 000331e19560000SP |||||||||||||||||spa|d
082 0 4 |a 305.55  |b LOP  |2 21 
100 |a López-Amo, Ángel  |e autor  |9 440409 
245 1 0 |a Burguesía y estilo burgués 
300 |a 28 p 
942 |c BK 
945 |d 20000331 00:00:00  |a crobeson 
260 |a Pamplona  |b Gomez  |c 1956 
650 0 |a Burguesía  |9 318985 
650 0 |a Clases sociales  |9 256858 
650 7 |a CLASE MEDIA  |2 CL-VaPUC  |9 255144 
583 |a last modification  |c 20000331 00:00:00  |k Rodrigo Vera 
490 0 |a Publicaciones del estudio General de Navarra, 8 
999 |c 286465  |d 286463 
952 |0 0  |1 0  |4 0  |6 305_550000000000000_LOP_1956  |7 0  |8 A  |9 332418  |a BIBHIS  |b BIBHIS  |d 2019-11-20  |i 1397990  |o 305.55 LOP 1956  |p 1397990  |r 2025-01-20  |w 2019-11-20  |y BK  |k HIS 
952 |0 0  |1 0  |4 0  |6 305_550000000000000_LOP_1956  |7 0  |8 A  |9 332419  |a BIBHIS  |b BIBHIS  |d 2019-11-20  |i 1398008  |o 305.55 LOP 1956  |p 1398008  |r 2025-01-20  |w 2019-11-20  |y BK  |k HIS